000 00368nam a22001577a 4500
003 OSt
005 20260316112843.0
007 666 pages
008 260316b |||||||| |||| 00| 0 eng d
040 _c
082 _22
_a621.3
_bPAT
245 _aBasic Electrical Engineering
_cPatil,B.R
250 _a2
260 _bOxford
_c2019
942 _2ddc
_cBK
_e2
_k621.3
_mPAT
_n0
999 _c36330
_d36330